书目信息 |
| 题名: |
马克思主义思想政治教育著作导读
|
|
| 作者: | 刘德华 主编 ;教育部社会科学研究与思想政治工作司组 编 | |
| 分册: | ||
| 出版信息: | 北京 高等教育出版社 2001 |
|
| 页数: | 575页 | |
| 开本: | 23cm | |
| 丛书名: | ||
| 单 册: | ||
| 中图分类: | A851.64 | |
| 科图分类: | ||
| 主题词: | 马列著作研究--汇编--学习 , 马列著作研究--汇编 | |
| 电子资源: | ||
| ISBN: | 7-04-008850-9 | |
| 000 | 01113nam0 2200241 450 | |
| 001 | 0762423721 | |
| 005 | 20070625083224.09 | |
| 010 | @a7-04-008850-9@dCNY30.50 | |
| 100 | @a20070623d2001 km y0chiy0120 ea | |
| 101 | 0 | @achi |
| 102 | @aCN@b110000 | |
| 200 | 1 | @a马克思主义思想政治教育著作导读@Ama ke si zhu yi si xiang zheng zhi jiao yu zhu zuo dao du@f刘德华主编@Fliu de hua zhu bian@g教育部社会科学研究与思想政治工作司组编@Gjiao yu bu she hui ke xue yan jiu yu si xiang zheng zhi gong zuo si zu bian |
| 210 | @a北京@c高等教育出版社@d2001 | |
| 215 | @a575页@d23cm | |
| 304 | @a教育部社会科学研究与思想政治工作司组编 | |
| 330 | @a本书包括马克思、恩格斯、列宁、毛泽东、邓小平等著作选读、注释、导读三个部分,通过讲解和自学相结合的教学形式,提高学生的马克思主义理论水平和解决问题的能力。 | |
| 606 | 0 | @a马列著作研究@x汇编@x学习 |
| 606 | 0 | @a马列著作研究@x汇编 |
| 690 | @aA851.64@v3 | |
| 701 | 0 | @a刘德华@Aliu de hua@4主编 |
| 712 | 02 | @a教育部社会科学研究与思想政治工作司组@Ajiao yu bu she hui ke xue yan jiu yu si xiang zheng zhi gong zuo si zu@4编 |
| 801 | 0 | @aCN@bPFT@c20070625 |
| 905 | @a10447@dA851.64@e5 | |
| 马克思主义思想政治教育著作导读/刘德华主编/教育部社会科学研究与思想政治工作司组编.-北京:高等教育出版社,2001 |
| 575页;23cm |
| ISBN 7-04-008850-9:CNY30.50 |
| 本书包括马克思、恩格斯、列宁、毛泽东、邓小平等著作选读、注释、导读三个部分,通过讲解和自学相结合的教学形式,提高学生的马克思主义理论水平和解决问题的能力。 |
| ● |
| 相关链接 |
|
|
|
|
正题名:马克思主义思想政治教育著作导读
索取号:A851.64/5
 
预约/预借
| 序号 | 登录号 | 条形码 | 馆藏地/架位号 | 状态 | 备注 |
| 1 | 0679636 | 206796369 | 第一样本阅览室/ [索取号:A851.64/5] | 在馆 | |
| 2 | 0679637 | 206796378 | 密集书库/ [索取号:A851.64/5] | 在馆 | |
| 3 | 0679638 | 206796387 | 密集书库/ [索取号:A851.64/5] | 在馆 | |
| 4 | 0679639 | 206796396 | 密集书库/ [索取号:A851.64/5] | 在馆 | |
| 5 | 0679640 | 206796403 | 密集书库/ [索取号:A851.64/5] | 在馆 | |
| 6 | 0679641 | 206796412 | 库房3/ [索取号:A851.64/5] | 在馆 | |
| 7 | 0679642 | 206796421 | 库房3/ [索取号:A851.64/5] | 在馆 | |
| 8 | 0679643 | 206796430 | 库房3/ [索取号:A851.64/5] | 在馆 | |
| 9 | 0679644 | 206796449 | 库房3/ [索取号:A851.64/5] | 在馆 | |
| 10 | 0679645 | 206796458 | 库房3/ [索取号:A851.64/5] | 在馆 | |
| 11 | 0679646 | 206796467 | 库房3/ [索取号:A851.64/5] | 在馆 | |
| 12 | 0679647 | 206796476 | 库房3/ [索取号:A851.64/5] | 在馆 | |
| 13 | 0679648 | 206796485 | 库房3/ [索取号:A851.64/5] | 在馆 | |
| 14 | 0679649 | 206796494 | 库房3/ [索取号:A851.64/5] | 在馆 | |
| 15 | 0679650 | 206796500 | 库房3/ [索取号:A851.64/5] | 在馆 | |
| 16 | 0679651 | 206796519 | 库房3/ [索取号:A851.64/5] | 在馆 | |
| 17 | 0679652 | 206796528 | 库房3/ [索取号:A851.64/5] | 在馆 | |
| 18 | 0679653 | 206796537 | 库房3/ [索取号:A851.64/5] | 在馆 | |
| 19 | 0679654 | 206796546 | 库房3/ [索取号:A851.64/5] | 在馆 | |
| 20 | 0679655 | 206796555 | 库房3/ [索取号:A851.64/5] | 在馆 | |
| 21 | 0679656 | 206796564 | 库房3/ [索取号:A851.64/5] | 在馆 | |
| 22 | 0679657 | 206796573 | 库房3/ [索取号:A851.64/5] | 在馆 | |
| 23 | 0679658 | 206796582 | 库房3/ [索取号:A851.64/5] | 在馆 | |
| 24 | 0679659 | 206796591 | 库房3/ [索取号:A851.64/5] | 在馆 | |
| 25 | 0679660 | 206796608 | 库房3/ [索取号:A851.64/5] | 在馆 | |
| 26 | 0679661 | 206796617 | 库房3/ [索取号:A851.64/5] | 在馆 | |
| 27 | 0679662 | 206796626 | 库房3/ [索取号:A851.64/5] | 在馆 | |
| 28 | 0679663 | 206796635 | 库房3/ [索取号:A851.64/5] | 在馆 | |
| 29 | 0679664 | 206796644 | 库房3/ [索取号:A851.64/5] | 在馆 | |
| 30 | 0679665 | 206796653 | 库房3/ [索取号:A851.64/5] | 在馆 | |
| 31 | 0679666 | 206796662 | 库房3/ [索取号:A851.64/5] | 在馆 | |
| 32 | 0679667 | 206796671 | 库房3/ [索取号:A851.64/5] | 在馆 | |
| 33 | 0679668 | 206796680 | 库房3/ [索取号:A851.64/5] | 在馆 | |
| 34 | 0679669 | 206796699 | 库房3/ [索取号:A851.64/5] | 在馆 | |
| 35 | 0679670 | 206796706 | 库房3/ [索取号:A851.64/5] | 在馆 | |
| 36 | 0679671 | 206796715 | 库房3/ [索取号:A851.64/5] | 在馆 | |
| 37 | 0679672 | 206796724 | 库房3/ [索取号:A851.64/5] | 在馆 | |
| 38 | 0679673 | 206796733 | 库房3/ [索取号:A851.64/5] | 在馆 |